LEADER 00765nac0-22002771i-450- 001 990007046600403321 005 20020214 035 $a000704660 035 $aFED01000704660 035 $a(Aleph)000704660FED01 035 $a000704660 100 $a20020214d1929----km-y0itay50------ba 101 0 $aita 102 $aIT 105 $ay-------001yy 200 1 $a<>Irrazionalitą della colpa nel diritto penale$fFilippo Gramatica 210 $aGenova$cEdizioni del "Circolo di Cultura Giuridica"$d1929 215 $a36 p.$d24 cm 676 $a345$v20$zita 700 1$aGramatica,$bFilippo 801 0$aIT$bUNINA$gRICA$2UNIMARC 901 $aBK 912 $a990007046600403321 952 $aMASSARI BUSTA 21 (34)$bs.i.$fFGBC 959 $aFGBC 997 $aUNINA